Normal view
MARC view
- Dr Naveed Ahmed
Entry Personal Name
001 - CONTROL NUMBER
- control field: 117775
003 - CONTROL NUMBER IDENTIFIER
- control field: NUST
005 - DATE AND TIME OF LATEST TRANSACTION
- control field: 20230913164247.0
008 - FIXED-LENGTH DATA ELEMENTS
- fixed length control field: 230913|| aca||aabn | a|a d
040 ## - CATALOGING SOURCE
- Original cataloging agency: NUST
- Transcribing agency: NUST
100 ## - HEADING--PERSONAL NAME
- Personal name: Dr Naveed Ahmed
670 ## - SOURCE DATA FOUND
- Source citation: Work cat.: (NUST): 20230913s9999\\\\xx\\\\\\\\\\\\000\0\und\d 117773, Performance Investigation of Novel Improved Cooking Stove Model for Cold Rural Population /, 2022
